Countries with the Most Spanish Speakers Quiz Stats

 Plays Quiz not verified by Sporcle

Challenge
Share
Tweet
Embed
Score 0/10 Timer 02:00
0 Plays Today
# of speakers Country % Correct
109955400Mexico
100%
40491051Spain
99.2%
40677348Argentina
97.7%
29180899Peru
97.7%
45013674Colombia
96.9%
16454143Chile
96.9%
26414815Venezuela
96.1%
44321038United States
92.2%
13927650Ecuador
87.5%
13002206Guatemala
77.3%

You're not logged in!

Compare scores with friends on all Sporcle quizzes.
Join for Free
OR
Log In

You Might Also Like...

Show Comments

Extras

Top Quizzes Today


Score Distribution

Your Account Isn't Verified!

In order to create a playlist on Sporcle, you need to verify the email address you used during registration. Go to your Sporcle Settings to finish the process.

Report this User

Report this user for behavior that violates our Community Guidelines.

Details: